| 000 | 01361nam a22002777a 4500 | ||
|---|---|---|---|
| 005 | 20170124103200.0 | ||
| 010 | _aA-740995 | ||
| 020 | _c35.00 | ||
| 035 | _aA-740995 | ||
| 037 | _bCen Lib/Ret | ||
| 040 |
_aDPL _bHN |
||
| 082 |
_a170 _bमूरजा |
||
| 100 |
_aमूर, जॉर्ज एडवर्ड _947448 |
||
| 245 |
_aनीतिशास्त्र मीमांसा / _cजॉर्ज एडवर्ड मूर; अनुवादक अशोक कुमार वर्मा ; संपादक हरिमोहन झा |
||
| 246 |
_aNitishastra mimansa / _bby George Advard Moor ; anuavadk Ashok Kumar Varma ; sampadak Harimohan Jha |
||
| 260 |
_aदिल्ली _bहिंदी माध्यम कार्यान्वयन निदेशालय _c1992 |
||
| 270 |
_bदिल्ली _aमॉडल टाउन _e110009 |
||
| 300 |
_axxviii,285पृ. _c20सेमी(अजिल्द ) |
||
| 650 |
_aनीतिशास्त्र मीमांसा _x _z _991517 |
||
| 650 |
_aनीतिशास्त्र _991518 |
||
| 650 |
_aEthics Metaphysics _991519 |
||
| 650 |
_aEthics _911191 |
||
| 700 |
_aवर्मा, अशोक कुमार _99532 |
||
| 700 |
_aझा, हरिमोहन _949983 |
||
| 942 |
_2ddc _cHN _h170 _mमूरजा |
||
| 999 |
_c120604 _d120604 |
||